<?xml version="1.0" encoding="UTF-8"?><?xml-stylesheet type="text/xsl" href="static/style.xsl"?><OAI-PMH xmlns="http://www.openarchives.org/OAI/2.0/" xmlns:xsi="http://www.w3.org/2001/XMLSchema-instance" xsi:schemaLocation="http://www.openarchives.org/OAI/2.0/ http://www.openarchives.org/OAI/2.0/OAI-PMH.xsd"><responseDate>2026-04-17T05:42:09Z</responseDate><request verb="GetRecord" identifier="oai:www.recercat.cat:11351/13819" metadataPrefix="marc">https://recercat.cat/oai/request</request><GetRecord><record><header><identifier>oai:recercat.cat:11351/13819</identifier><datestamp>2025-10-24T10:28:35Z</datestamp><setSpec>com_2072_378070</setSpec><setSpec>com_2072_378040</setSpec><setSpec>col_2072_378092</setSpec></header><metadata><record xmlns="http://www.loc.gov/MARC21/slim" xmlns:dcterms="http://purl.org/dc/terms/" xmlns:xsi="http://www.w3.org/2001/XMLSchema-instance" xmlns:doc="http://www.lyncode.com/xoai" xsi:schemaLocation="http://www.loc.gov/MARC21/slim http://www.loc.gov/standards/marcxml/schema/MARC21slim.xsd">
   <leader>00925njm 22002777a 4500</leader>
   <datafield ind2=" " ind1=" " tag="042">
      <subfield code="a">dc</subfield>
   </datafield>
   <datafield ind2=" " ind1=" " tag="720">
      <subfield code="a">Demirci, Nuri</subfield>
      <subfield code="e">author</subfield>
   </datafield>
   <datafield ind2=" " ind1=" " tag="720">
      <subfield code="a">YILGOR, CAGLAR</subfield>
      <subfield code="e">author</subfield>
   </datafield>
   <datafield ind2=" " ind1=" " tag="720">
      <subfield code="a">zulemyan, tais</subfield>
      <subfield code="e">author</subfield>
   </datafield>
   <datafield ind2=" " ind1=" " tag="720">
      <subfield code="a">Balaban, Barış</subfield>
      <subfield code="e">author</subfield>
   </datafield>
   <datafield ind2=" " ind1=" " tag="720">
      <subfield code="a">Yucekul, Altug</subfield>
      <subfield code="e">author</subfield>
   </datafield>
   <datafield ind2=" " ind1=" " tag="720">
      <subfield code="a">Haddad, Sleiman</subfield>
      <subfield code="e">author</subfield>
   </datafield>
   <datafield ind2=" " ind1=" " tag="720">
      <subfield code="a">Pellise, Ferran</subfield>
      <subfield code="e">author</subfield>
   </datafield>
   <datafield ind2=" " ind1=" " tag="260">
      <subfield code="c">2025-10-09T10:43:28Z</subfield>
   </datafield>
   <datafield ind2=" " ind1=" " tag="260">
      <subfield code="c">2025-10-09T10:43:28Z</subfield>
   </datafield>
   <datafield ind2=" " ind1=" " tag="260">
      <subfield code="c">2025-07</subfield>
   </datafield>
   <datafield ind2=" " ind1=" " tag="520">
      <subfield code="a">Mechanical complications; Spinal deformity; Postoperative alignment</subfield>
   </datafield>
   <datafield ind2=" " ind1=" " tag="520">
      <subfield code="a">Complicaciones mecánicas; Deformidad espinal; Alineación postoperatoria</subfield>
   </datafield>
   <datafield ind2=" " ind1=" " tag="520">
      <subfield code="a">Complicacions mecàniques; Deformitat espinal; Alineació postoperatòria</subfield>
   </datafield>
   <datafield ind2=" " ind1=" " tag="520">
      <subfield code="a">Objective: Mechanical complications are common after adult spinal deformity (ASD) surgery and can significantly impair outcomes. This study aimed to predict such complications in proportioned and moderately disproportioned patients using a machine learning approach, to inform preoperative planning and enable early preventive care.&#xd;
Methods: Prospectively collected clinical data, including preoperative, intraoperative, and postoperative variables, radiographic param- eters, technical details, and patient-reported outcomes, were obtained from a multi-center ASD surgery database. Parameter tuning of a random forest (RF) classifier was performed using 9-times 3-fold cross-validation over 3 rounds of grid search, with the F-score used as the primary optimization metric. The final RF model was used to derive a clinically interpretable rule set using the inTrees framework. Permutation-based feature importance was assessed for F-score, accuracy, and sensitivity.&#xd;
Results: The model was trained on 295 patients (237 female, 58 male; mean age, 50 ± 19 years) with a minimum 2-year follow-up (mean 53 months, range 24-101). Mechanical complications were observed in 100 patients (34%). A test cohort of 98 patients (33% complication rate) was used for external validation. The RF model achieved 72% accuracy, 91% sensitivity, 64% specificity, and 93% negative predictive value. The derived rule set, comprising 8 rules using 1 to 3 features each, yielded 74% accuracy, 81% sensitivity, 71% specificity, and 83% negative predictive value. The location of the lower instrumented vertebra (LIV) was the most influential predictor.&#xd;
Conclusion: By excluding patients with severe deformities, as defined by the GAP score, this study focused on the more clinically ambiguous group of proportioned and moderately disproportioned patients. To the authors’ knowledge, this is the first study to develop predictive tools specifically for this subgroup to assess the risk of mechanical complications following ASD surgery. These tools may assist in early risk stratification and guide preoperative decision-making to reduce postoperative complications and improve patient outcomes.&#xd;
Level of Evidence: Level III, Prognostic Study.</subfield>
   </datafield>
   <datafield ind1="8" ind2=" " tag="024">
      <subfield code="a">http://hdl.handle.net/11351/13819</subfield>
   </datafield>
   <datafield tag="653" ind2=" " ind1=" ">
      <subfield code="a">Escoliosi - Cirurgia - Complicacions</subfield>
   </datafield>
   <datafield tag="653" ind2=" " ind1=" ">
      <subfield code="a">Columna vertebral - Malformacions - Cirurgia - Complicacions</subfield>
   </datafield>
   <datafield tag="653" ind2=" " ind1=" ">
      <subfield code="a">Aprenentatge automàtic</subfield>
   </datafield>
   <datafield tag="653" ind2=" " ind1=" ">
      <subfield code="a">PHENOMENA AND PROCESSES::Mathematical Concepts::Algorithms::Artificial Intelligence::Machine Learning</subfield>
   </datafield>
   <datafield tag="653" ind2=" " ind1=" ">
      <subfield code="a">DISEASES::Pathological Conditions, Signs and Symptoms::Pathologic Processes::Postoperative Complications</subfield>
   </datafield>
   <datafield tag="653" ind2=" " ind1=" ">
      <subfield code="a">DISEASES::Musculoskeletal Diseases::Bone Diseases::Spinal Diseases::Spinal Curvatures</subfield>
   </datafield>
   <datafield tag="653" ind2=" " ind1=" ">
      <subfield code="a">Other subheadings::Other subheadings::Other subheadings::/surgery</subfield>
   </datafield>
   <datafield tag="653" ind2=" " ind1=" ">
      <subfield code="a">DISEASES::Musculoskeletal Diseases::Bone Diseases::Spinal Diseases::Spinal Curvatures::Scoliosis</subfield>
   </datafield>
   <datafield tag="653" ind2=" " ind1=" ">
      <subfield code="a">FENÓMENOS Y PROCESOS::conceptos matemáticos::algoritmos::inteligencia artificial::aprendizaje automático</subfield>
   </datafield>
   <datafield tag="653" ind2=" " ind1=" ">
      <subfield code="a">ENFERMEDADES::afecciones patológicas, signos y síntomas::procesos patológicos::complicaciones posoperatorias</subfield>
   </datafield>
   <datafield tag="653" ind2=" " ind1=" ">
      <subfield code="a">ENFERMEDADES::enfermedades musculoesqueléticas::enfermedades óseas::enfermedades de la columna vertebral::desviaciones de la columna vertebral</subfield>
   </datafield>
   <datafield tag="653" ind2=" " ind1=" ">
      <subfield code="a">Otros calificadores::Otros calificadores::Otros calificadores::/cirugía</subfield>
   </datafield>
   <datafield tag="653" ind2=" " ind1=" ">
      <subfield code="a">ENFERMEDADES::enfermedades musculoesqueléticas::enfermedades óseas::enfermedades de la columna vertebral::desviaciones de la columna vertebral::escoliosis</subfield>
   </datafield>
   <datafield ind2="0" ind1="0" tag="245">
      <subfield code="a">Predicting mechanical complications in adult spinal deformity patients with postoperative proportioned and moderately disproportioned alignment</subfield>
   </datafield>
</record></metadata></record></GetRecord></OAI-PMH>